Obálka Náhled e-knihy:
PDF Epub
Pro půjčování e-knih musíte být přihlášeni.
Jak si půjčit online?

Zakázané vody /

Scarlett, skokanka do vody a nádejná študentka medicíny, nemá na vzťahy čas. Lukas, svetový šampión a kapitán plaveckého tímu, verí v disciplínu. Spojí ich však nečakané tajomstvo a vzájomná dohoda – krátke rozptýlenie bez záväzkov. No blížiace sa olympijské hry zvyšujú napätie aj vášeň. Scarlett zi...

Celý popis

Uloženo v:
Hlavní autor: Hazelwood, Ali (Autor)
Médium: E-kniha
Jazyk:Czech
Vydáno: Praha : Albatros Media Slovakia s.r.o., 2025
Tagy:
Žádné tagy
LEADER 01393nam a22002297i 4500
001 302693
007 ta
008 260514s2025 xr ||||| |||| 00| 0 cze d
020 |a 9788056648087 
044 |a xr 
100 1 |a  Hazelwood, Ali  |4 aut 
245 1 0 |a Zakázané vody /  |c  Hazelwood, Ali 
240 1 0 |a Deep End 
264 1 |a Praha :  |b Albatros Media Slovakia s.r.o.,  |c 2025 
300 |a 1 online zdroj (480 stran) 
336 |a text  |b txt  |2 rdacontent 
337 |a bez média  |b n  |2 rdamedia 
338 |a online zdroj  |b cr  |2 rdacarrier 
520 2 |a Scarlett, skokanka do vody a nádejná študentka medicíny, nemá na vzťahy čas. Lukas, svetový šampión a kapitán plaveckého tímu, verí v disciplínu. Spojí ich však nečakané tajomstvo a vzájomná dohoda – krátke rozptýlenie bez záväzkov. No blížiace sa olympijské hry zvyšujú napätie aj vášeň. Scarlett zisťuje, že city sa nedajú ovládať... a srdce vstupuje do zakázaných vôd. 
910 |a RBIT002 
998 |d 426950  |a https://core.palmknihy.cz/api/books/426950/cover?tesghy  |b https://core.palmknihy.cz/api/books/426950/cover/400?tesghy  |c https://core.palmknihy.cz/api/books/426950/cover/50?tesghy  |e 2029-07-17  |g 480  |i 9788056648087  |j https://core.palmknihy.cz/api/books/426950/preview.epub  |k https://core.palmknihy.cz/api/books/426950/preview.pdf  |l   |q 49  |r 1  |s https://www.palmknihy.cz/kniha/426950  |t ebook  |y 2025  |z 1 
999 |d 302691